Monetary arrangements should promote price stability, says Camdessus.
Výťah z prejavu ústredného riaditeľa MMF Camdessusa na kolokviu k aténskej konferencii o peňažnej integrácii v krajinách východnej Európy, dňa 9. októbra 1992. Ciele a charakteristika primeraných programov peňažnej politiky, prekážky ich uplatnenia ako dedičstvo centrálne plánovanej ekonomiky a voľb...
Guardado en:
| Formato: | Capítulo de libro |
|---|---|
| Lenguaje: | inglés |
| Materias: | |
| Etiquetas: |
Sin Etiquetas, Sea el primero en etiquetar este registro!
|
MARC
| LEADER | 00000naa a2200000 4500 | ||
|---|---|---|---|
| 001 | r012557 | ||
| 005 | 20220913122354.0 | ||
| 041 | 0 | |a eng | |
| 044 | |a US | ||
| 245 | 1 | 0 | |a Monetary arrangements should promote price stability, says Camdessus. |
| 520 | |a Výťah z prejavu ústredného riaditeľa MMF Camdessusa na kolokviu k aténskej konferencii o peňažnej integrácii v krajinách východnej Európy, dňa 9. októbra 1992. Ciele a charakteristika primeraných programov peňažnej politiky, prekážky ich uplatnenia ako dedičstvo centrálne plánovanej ekonomiky a voľba stratégií, ktoré štáty použili pri svojich peňažných reformách. Pokroky v zmeniteľnosti národných mien. | ||
| 610 | 2 | 0 | |a politika peňažná |
| 610 | 2 | 0 | |a reformy menové |
| 610 | 2 | 0 | |a východná Európa |
| 610 | 2 | 0 | |a konvertibilita |
| 610 | 2 | 0 | |a stabilita cien |
| 610 | 2 | 0 | |a konferencie |
| 610 | 2 | 0 | |a Atény |
| 610 | 2 | 0 | |a 1992 |
| 610 | 2 | 0 | |a Medzinárodný menový fond |